[Event "HUN-chT2 Toth 1314"]
[Site "Hungary"]
[Date "2014.04.27"]
[Round "11.3"]
[White "Szekeres, Sebestyen"]
[Black "Haragos, Kalman"]
[Result "1/2-1/2"]
[WhiteElo "2055"]
[BlackElo "2032"]
[PlyCount "52"]
[EventDate "2013.09.08"]
[EventType "team-tourn"]
[EventRounds "11"]
[EventCountry "HUN"]
[SourceTitle "EXT 2016"]
[Source "ChessBase"]
[SourceDate "2015.10.08"]
[SourceVersion "1"]
[SourceVersionDate "2015.10.08"]
[SourceQuality "1"]
[WhiteTeam "Csongrad Felegyhaza"]
[BlackTeam "Gyula"]
[WhiteTeamCountry "HUN"]
[BlackTeamCountry "HUN"]

1. d4 Nf6 2. c4 e6 3. Nc3 d5 4. e3 Nbd7 5. Nf3 c6 6. a3 Bd6 7. Qc2 0-0 8. Bd2 Qe7 9. Be2 a6 10. 0-0 dxc4 11. Bxc4 b5 12. Bd3 Bb7 13. e4 e5 14. Bg5 h6 15. Bh4 c5 16. d5 c4 17. Be2 Nc5 18. Nd2 g5 19. Bg3 Bc8 20. h4 Nh7 21. hxg5 hxg5 22. b3 cxb3 23. Nxb3 Nxb3 24. Qxb3 Bd7 25. Bd3 Rfe8 26. Nd1 Kg7 1/2-1/2

[Event "HUN-chT2 Toth 1314"]
[Site "Hungary"]
[Date "2014.02.02"]
[Round "6.3"]
[White "Sebok, Istvan"]
[Black "Haragos, Kalman"]
[Result "1/2-1/2"]
[WhiteElo "2050"]
[BlackElo "2032"]
[PlyCount "75"]
[EventDate "2013.09.08"]
[EventType "team-tourn"]
[EventRounds "11"]
[EventCountry "HUN"]
[SourceTitle "EXT 2016"]
[Source "ChessBase"]
[SourceDate "2015.10.08"]
[SourceVersion "1"]
[SourceVersionDate "2015.10.08"]
[SourceQuality "1"]
[WhiteTeam "Karcag"]
[BlackTeam "Gyula"]
[WhiteTeamCountry "HUN"]
[BlackTeamCountry "HUN"]

1. e4 c5 2. d4 cxd4 3. c3 d3 4. Bxd3 g6 5. c4 Bg7 6. Nc3 Nc6 7. Nf3 d6 8. h3 Nf6 9. 0-0 0-0 10. Be3 b6 11. Rc1 Bb7 12. Qd2 Rc8 13. b3 Nd7 14. Bb1 Nde5 15. Nd4 Nxd4 16. Bxd4 Nc6 17. Bxg7 Kxg7 18. f4 f6 19. Rcd1 Qd7 20. Nd5 Rcd8 21. Nc3 Qc8 22. Rf3 Nb8 23. Nd5 Rf7 24. Rg3 Nd7 25. h4 Kh8 26. h5 gxh5 27. Qe2 Rg8 28. Rdd3 Rxg3 29. Rxg3 Bxd5 30. exd5 Nf8 31. Qxh5 Rg7 32. Rxg7 Kxg7 33. Kh2 Ng6 34. Qf3 Nf8 35. Qh5 Ng6 36. Bf5 Qc5 37. Qg4 Qf2 38. Bxg6 1/2-1/2

[Event "HUN-chT2 Toth 1213"]
[Site "Hungary"]
[Date "2012.10.07"]
[Round "2.5"]
[White "Tornyai, Jeno"]
[Black "Haragos, Kalman"]
[Result "0-1"]
[WhiteElo "1958"]
[BlackElo "2025"]
[PlyCount "92"]
[EventDate "2012.09.16"]
[EventType "team-tourn"]
[EventRounds "11"]
[EventCountry "HUN"]
[SourceTitle "EXT 2014"]
[Source "ChessBase"]
[SourceDate "2013.11.20"]
[SourceVersion "1"]
[SourceVersionDate "2013.11.20"]
[SourceQuality "1"]
[WhiteTeam "Maroczy II"]
[BlackTeam "Gyula"]
[WhiteTeamCountry "HUN"]
[BlackTeamCountry "HUN"]

1. h4 d5 2. d4 c5 3. Nf3 Nc6 4. c3 e6 5. Bf4 Bd6 6. Ne5 f6 7. Nxc6 bxc6 8. e3 Ne7 9. Bd3 cxd4 10. Qh5+ Kf8 11. Bxd6 Qxd6 12. exd4 e5 13. dxe5 Qxe5+ 14. Qxe5 fxe5 15. f3 Bf5 16. Kd2 Bxd3 17. Kxd3 Kf7 18. Nd2 Rhe8 19. Rae1 Nf5 20. h5 Rab8 21. b3 Rb7 22. g4 Nd6 23. c4 a5 24. Rc1 d4 25. Rhe1 c5 26. Ne4 Nxe4 27. Rxe4 Re6 28. Rf1 Ke7 29. Rfe1 Kd6 30. f4 Rbe7 31. f5 Rf6 32. a3 Rf8 33. Rb1 Rb7 34. b4 axb4 35. axb4 Rxb4 36. Rxb4 cxb4 37. c5+ Kd5 38. Re1 Ra8 39. c6 e4+ 40. Kc2 Rc8 41. g5 Rxc6+ 42. Kd2 b3 43. Rb1 Rc2+ 44. Kd1 Rg2 45. g6 hxg6 46. fxg6 Rg1+ 0-1

[Event "HUN-chT2 Toth 1112"]
[Site "Hungary"]
[Date "2012.03.25"]
[Round "8.4"]
[White "Haragos, Kalman"]
[Black "Dancza, Janos"]
[Result "1-0"]
[WhiteElo "2025"]
[BlackElo "1989"]
[PlyCount "203"]
[EventDate "2011.09.25"]
[EventType "team-tourn"]
[EventRounds "11"]
[EventCountry "HUN"]
[SourceTitle "EXT 2013"]
[Source "ChessBase"]
[SourceDate "2012.11.22"]
[SourceVersion "1"]
[SourceVersionDate "2012.11.22"]
[SourceQuality "1"]
[WhiteTeam "Gyula"]
[BlackTeam "Abony"]
[WhiteTeamCountry "HUN"]
[BlackTeamCountry "HUN"]

1. Nf3 Nf6 2. d4 g6 3. Bg5 Bg7 4. Nbd2 d5 5. e3 0-0 6. Be2 Nbd7 7. 0-0 h6 8. Bh4 g5 9. Bg3 Nh5 10. Ne1 Nxg3 11. hxg3 f5 12. c3 Nf6 13. Nd3 Qd6 14. c4 c6 15. cxd5 cxd5 16. Rc1 b6 17. Qc2 Ne4 18. Nf3 Ba6 19. Qa4 Bb7 20. Nfe5 a5 21. Rfd1 Rfc8 22. Qd7 Ba6 23. Qxd6 exd6 24. Nd7 Rxc1 25. Rxc1 b5 26. Nb6 Rb8 27. Nxd5 b4 28. Ne7+ Kf7 29. Nxf5 Bf8 30. f3 Nf6 31. e4 Rc8 32. Rxc8 Bxc8 33. Ne3 Nd7 34. f4 Bb7 35. Nf2 Nf6 36. Bd3 Nh5 37. fxg5 hxg5 38. Nf5 Ng7 39. Ne3 Ne6 40. Bc4 Ke7 41. Nf5+ Kd7 42. Ng4 Be7 43. Bxe6+ Kxe6 44. Nxe7 Kxe7 45. Nf2 Kf6 46. Kf1 Ba6+ 47. Ke1 Bc4 48. a3 bxa3 49. bxa3 a4 50. Ng4+ Ke6 51. Ne3 Bd3 52. Kd2 Bxe4 53. Kc3 Bg6 54. Kb4 Be8 55. Ka5 Bd7 56. Kb6 Be8 57. Kc7 Bb5 58. Kb6 Be8 59. Ka5 Bd7 60. Kb4 Be8 61. Kc3 Bb5 62. Kd2 Ba6 63. Ke1 Bd3 64. Kf2 Be4 65. Ke1 Bd3 66. Kf2 Bf5 67. g4 Be4 68. Kg3 Bd5 69. Kf2 Bc6 70. g3 Bb5 71. Kf3 Bc6+ 72. Ke2 Bb5+ 73. Kd2 Bc6 74. Kd3 Bb5+ 75. Ke4 Be2 76. d5+ Kf6 77. Nf5 Bxg4 78. Nxd6 Ke7 79. Ke5 Bd7 80. Ne4 g4 81. Nf6 Bc8 82. d6+ Kd8 83. Kf4 Be6 84. Ke5 Bc8 85. Kd5 Bb7+ 86. Kc5 Bf3 87. Kb5 Bd1 88. Kc6 Bf3+ 89. Kc5 Bd1 90. Nd5 Bf3 91. Nb6 Bd1 92. Kc6 Bf3+ 93. Kb5 Bd1 94. Nxa4 Kd7 95. Nc3 Bf3 96. Kc5 Bc6 97. a4 Bf3 98. a5 Bg2 99. a6 Ba8 100. Nb5 Bc6 101. Nc7 Bf3 102. a7 1-0

[Event "HUN-chT2 Toth 1112"]
[Site "Hungary"]
[Date "2011.11.13"]
[Round "3.5"]
[White "Petro, Jozsef"]
[Black "Haragos, Kalman"]
[Result "1/2-1/2"]
[WhiteElo "2054"]
[BlackElo "2025"]
[PlyCount "25"]
[EventDate "2011.09.25"]
[EventType "team-tourn"]
[EventRounds "11"]
[EventCountry "HUN"]
[SourceTitle "EXT 2013"]
[Source "ChessBase"]
[SourceDate "2012.11.22"]
[SourceVersion "1"]
[SourceVersionDate "2012.11.22"]
[SourceQuality "1"]
[WhiteTeam "Bekes"]
[BlackTeam "Gyula"]
[WhiteTeamCountry "HUN"]
[BlackTeamCountry "HUN"]

1. f4 Nf6 2. Nf3 g6 3. g3 Bg7 4. Bg2 d5 5. 0-0 0-0 6. d3 c5 7. Qe1 Nc6 8. e4 dxe4 9. dxe4 Qc7 10. e5 Nd5 11. Nc3 Nxc3 12. Qxc3 b6 13. Ng5 1/2-1/2

[Event "HUN-chT2 Toth 1011"]
[Site "Hungary"]
[Date "2011.04.10"]
[Round "8.8"]
[White "Haragos, Kalman"]
[Black "Diamant, Tibor"]
[Result "1-0"]
[WhiteElo "2040"]
[BlackElo "2152"]
[PlyCount "123"]
[EventDate "2010.09.12"]
[EventType "team-tourn"]
[EventRounds "11"]
[EventCountry "HUN"]
[SourceTitle "EXT 2012"]
[Source "ChessBase"]
[SourceDate "2011.11.24"]
[SourceVersion "1"]
[SourceVersionDate "2011.11.24"]
[SourceQuality "1"]
[WhiteTeam "Gyula"]
[BlackTeam "Mako"]
[WhiteTeamCountry "HUN"]
[BlackTeamCountry "HUN"]

1. d4 Nf6 2. Nf3 e6 3. c4 b6 4. a3 Bb7 5. Nc3 d5 6. cxd5 Nxd5 7. e3 Be7 8. Bb5+ c6 9. Bd3 0-0 10. e4 Nxc3 11. bxc3 c5 12. 0-0 Nd7 13. Qe2 Qc7 14. Bb2 Rac8 15. Rad1 Rfe8 16. Nd2 Bg5 17. g3 Bxd2 18. Rxd2 f5 19. f3 Nf6 20. Rdd1 c4 21. Bc2 b5 22. a4 a6 23. axb5 axb5 24. Rfe1 g6 25. Qe3 Kg7 26. Bc1 Ng8 27. Qf4 Qxf4 28. Bxf4 Bc6 29. Kf2 Kf7 30. Be5 Ne7 31. h4 Ra8 32. Ra1 Rxa1 33. Rxa1 Ra8 34. Rxa8 Bxa8 35. Bd6 Nc6 36. Ke3 Na5 37. g4 fxg4 38. fxg4 Bc6 39. Bd1 h6 40. g5 hxg5 41. hxg5 Bd7 42. Bg4 Nb7 43. Bb4 Nd8 44. Bd6 Nb7 45. Be5 Bc6 46. Bf3 Na5 47. d5 exd5 48. exd5 Bd7 49. Bc7 Nb3 50. Bd6 Bf5 51. Bb4 Bd7 52. Be4 Bh3 53. d6 Bd7 54. Bd5+ Kg7 55. Ba3 Kf8 56. Kf4 Na1 57. Be4 Kf7 58. Ke5 Nb3 59. Bd5+ Ke8 60. Kf6 Bf5 61. Bf7+ Kd8 62. Bxg6 1-0

[Event "HUN-chT2 Toth 1011"]
[Site "Hungary"]
[Date "2010.11.07"]
[Round "5.6"]
[White "Szili, Istvan"]
[Black "Haragos, Kalman"]
[Result "1/2-1/2"]
[WhiteElo "2004"]
[BlackElo "2040"]
[PlyCount "61"]
[EventDate "2010.09.12"]
[EventType "team-tourn"]
[EventRounds "11"]
[EventCountry "HUN"]
[SourceTitle "EXT 2012"]
[Source "ChessBase"]
[SourceDate "2011.11.24"]
[SourceVersion "1"]
[SourceVersionDate "2011.11.24"]
[SourceQuality "1"]
[WhiteTeam "Takisz"]
[BlackTeam "Gyula"]
[WhiteTeamCountry "HUN"]
[BlackTeamCountry "HUN"]

1. e4 c5 2. c3 e6 3. Nf3 Nc6 4. Bb5 Nge7 5. 0-0 a6 6. Be2 d5 7. exd5 Nxd5 8. d4 Be7 9. c4 Nf6 10. dxc5 Qxd1 11. Rxd1 Bxc5 12. Nc3 Bd7 13. Bf4 Rd8 14. h3 h6 15. a3 Bc8 16. Rxd8+ Nxd8 17. b4 Be7 18. b5 Nd7 19. Ne4 f5 20. Nd6+ Bxd6 21. Bxd6 Nf7 22. Bb4 b6 23. Nd4 a5 24. Bc3 Nc5 25. Nc6 0-0 26. Rd1 Re8 27. Bd4 Nd7 28. f4 g6 29. Bf2 Kf8 30. Na7 Ke7 31. Nc6+ 1/2-1/2

[Event "HUN-chT2 Maroczy 0910"]
[Site "Hungary"]
[Date "2010.02.14"]
[Round "6"]
[White "Haragos, Kalman"]
[Black "Hevesi, Zoltan"]
[Result "1/2-1/2"]
[WhiteElo "2016"]
[BlackElo "2097"]
[PlyCount "74"]
[EventDate "2009.11.08"]
[EventType "team-tourn"]
[EventRounds "11"]
[EventCountry "HUN"]
[SourceTitle "EXT 2011"]
[Source "ChessBase"]
[SourceDate "2010.11.26"]
[SourceVersion "1"]
[SourceVersionDate "2010.11.26"]
[SourceQuality "1"]
[WhiteTeam "Gyula"]
[BlackTeam "Fenstherm"]
[WhiteTeamCountry "HUN"]
[BlackTeamCountry "HUN"]

1. Nf3 f5 2. d4 Nf6 3. g3 g6 4. Bg2 Bg7 5. 0-0 0-0 6. b3 d6 7. Bb2 c6 8. c4 Na6 9. Nc3 Nc7 10. Qc2 Qe8 11. Rad1 Bd7 12. e4 Nxe4 13. Nxe4 fxe4 14. Qxe4 Qf7 15. Ng5 Qf6 16. f4 Rae8 17. Rd2 d5 18. Qe3 Bf5 19. Re1 h6 20. Nf3 Be4 21. Ne5 Bxg2 22. Kxg2 Qf5 23. Qd3 Bxe5 24. Rxe5 Qxd3 25. Rxd3 Rf5 26. Re2 e6 27. Ba3 Rd8 28. c5 Kf7 29. Bc1 h5 30. h3 Rh8 31. g4 hxg4 32. hxg4 Rf6 33. Rh3 Rxh3 34. Kxh3 Nb5 35. Be3 Nc3 36. Re1 Ne4 37. Kg2 Ke7 1/2-1/2

[Event "Senta op-B 13th"]
[Site "Senta"]
[Date "2009.07.19"]
[Round "3"]
[White "Haragos, Kalman"]
[Black "Kalmar, Robert"]
[Result "0-1"]
[WhiteElo "2054"]
[BlackElo "1841"]
[PlyCount "59"]
[EventDate "2009.07.18"]
[EventType "swiss"]
[EventRounds "9"]
[EventCountry "YUG"]
[SourceTitle "EXT 2012"]
[Source "ChessBase"]
[SourceDate "2011.11.24"]
[SourceVersion "1"]
[SourceVersionDate "2011.11.24"]
[SourceQuality "1"]

1. Nf3 d5 2. d4 Nf6 3. c4 Bf5 4. g3 e6 5. Qb3 Qc8 6. Bg2 c6 7. 0-0 Bd6 8. Nc3 Nbd7 9. Bf4 Bxf4 10. gxf4 h6 11. Rfd1 Qc7 12. e3 g5 13. Ne2 0-0-0 14. Ne5 Rdg8 15. Ng3 Bh7 16. Rac1 gxf4 17. exf4 Nxe5 18. fxe5 dxc4 19. Rxc4 Nd5 20. Rdc1 h5 21. h4 Rg4 22. Bf3 Rxh4 23. Qa3 a6 24. b4 Rg8 25. b5 axb5 26. Qa8+ Kd7 27. Rxc6 Rxa8 28. Rxc7+ Nxc7 29. Bxb7 Rb8 30. Bc6+ 0-1

[Event "HUN-chT2 Maroczy 0809"]
[Site "Hungary"]
[Date "2009.04.19"]
[Round "11"]
[White "Marjanovic, Gyorgy"]
[Black "Haragos, Kalman"]
[Result "1-0"]
[WhiteElo "2049"]
[BlackElo "2070"]
[PlyCount "83"]
[EventDate "2008.10.26"]
[EventType "tourn"]
[EventRounds "11"]
[EventCountry "HUN"]
[SourceTitle "EXT 2010"]
[Source "ChessBase"]
[SourceDate "2010.11.25"]
[SourceVersion "1"]
[SourceVersionDate "2010.11.25"]
[SourceQuality "1"]
[WhiteTeam "Maroczy"]
[BlackTeam "Gyula"]
[WhiteTeamCountry "HUN"]
[BlackTeamCountry "HUN"]

1. e4 c5 2. Nf3 e6 3. b3 Nc6 4. Bb5 Nge7 5. 0-0 a6 6. Bxc6 Nxc6 7. Bb2 d6 8. d3 e5 9. h3 Be7 10. Nc3 0-0 11. Nd5 f5 12. Nd2 Be6 13. f4 fxe4 14. dxe4 exf4 15. Nxf4 Qd7 16. Qh5 Bf7 17. Qe2 Rae8 18. Nc4 b5 19. Nb6 Qd8 20. Qg4 Ne5 21. Bxe5 dxe5 22. Ne6 Bxe6 23. Qxe6+ Kh8 24. Nd5 Bd6 25. Qg4 c4 26. b4 Qc8 27. Qxc8 Rxc8 28. Rxf8+ Rxf8 29. a4 Rb8 30. axb5 axb5 31. Ra6 Bf8 32. c3 Kg8 33. Ra7 h6 34. h4 Bd6 35. h5 Bf8 36. Kf2 Bd6 37. Kg3 Re8 38. Rd7 Re6 39. Kg4 Bf8 40. Rb7 Ra6 41. Rxb5 Ra2 42. Kf3 1-0

[Event "HUN-chT2 Maroczy 0809"]
[Site "Hungary"]
[Date "2009.03.08"]
[Round "9"]
[White "Haragos, Kalman"]
[Black "Somogyi, Istvan"]
[Result "0-1"]
[WhiteElo "2070"]
[BlackElo "2237"]
[PlyCount "188"]
[EventDate "2008.10.26"]
[EventType "tourn"]
[EventRounds "11"]
[EventCountry "HUN"]
[SourceTitle "EXT 2010"]
[Source "ChessBase"]
[SourceDate "2010.11.25"]
[SourceVersion "1"]
[SourceVersionDate "2010.11.25"]
[SourceQuality "1"]
[WhiteTeam "Gyula"]
[BlackTeam "MLTC II"]
[WhiteTeamCountry "HUN"]
[BlackTeamCountry "HUN"]

1. d4 Nf6 2. Nf3 e6 3. c4 c5 4. e3 d5 5. Nc3 Nc6 6. a3 Be7 7. Bd3 0-0 8. 0-0 b6 9. b3 cxd4 10. exd4 Bb7 11. Bb2 Rc8 12. Rc1 Re8 13. Re1 Bf8 14. cxd5 Nxd5 15. Ne4 g6 16. b4 Bg7 17. b5 Nce7 18. Rxc8 Nxc8 19. Qd2 Nd6 20. Ng3 Qf6 21. Ne4 Nxe4 22. Bxe4 Rd8 23. Ne5 Rc8 24. Rc1 Qd8 25. Rxc8 Qxc8 26. Qc2 Qxc2 27. Bxc2 Ne7 28. f3 Kf8 29. a4 Ke8 30. Kf2 f6 31. Nc4 Kd7 32. Ne3 Nd5 33. g3 Nb4 34. Bb1 f5 35. Bc3 Nd5 36. Nxd5 Bxd5 37. Bd3 Bb3 38. a5 bxa5 39. Bxa5 Bxd4+ 40. Ke2 Bd5 41. g4 fxg4 42. fxg4 e5 43. Kd2 Ke6 44. h4 e4 45. Be2 Bf2 46. Bd8 Bd4 47. h5 Bf6 48. Bc7 Be5 49. Bd8 Bf4+ 50. Kc3 gxh5 51. gxh5 Kf5 52. b6 axb6 53. Bxb6 Bf7 54. Bd8 Bd6 55. Kd2 Kf4 56. Ba5 Bc5 57. Bc3 Kg5 58. Ke1 Bxh5 59. Bd2+ Kg6 60. Bb5 Bf3 61. Kf1 h5 62. Be8+ Kf5 63. Bd7+ Ke5 64. Be1 Kd4 65. Bb5 Be7 66. Kg1 Ke3 67. Kh2 Be2 68. Bc6 Kf3 69. Bb7 Bg5 70. Bc6 Bd3 71. Bb4 Kf2 72. Bd6 e3 73. Bg3+ Ke2 74. Kg2 Kd2 75. Bc7 Bc4 76. Ba5+ Kd3 77. Bf3 h4 78. Kf1 Kd4+ 79. Kg1 Bf4 80. Bb6+ Kd3 81. Ba5 Bg3 82. Kg2 e2 83. Bc6 e1Q 84. Bxe1 Bxe1 85. Bb7 Ke3 86. Bc6 Be6 87. Bb7 Kf4 88. Bc6 Bc3 89. Bb7 Be5 90. Bc6 h3+ 91. Kh2 Kg4+ 92. Kh1 Kg3 93. Kg1 Bc4 94. Bb7 Bd4+ 0-1

[Event "Senta op-B 12th"]
[Site "Senta"]
[Date "2008.07.25"]
[Round "9"]
[White "Haragos, Kalman"]
[Black "Braun, Tibor"]
[Result "1-0"]
[WhiteElo "2074"]
[BlackElo "1952"]
[PlyCount "69"]
[EventDate "2008.07.18"]
[EventType "swiss"]
[EventRounds "9"]
[EventCountry "YUG"]
[SourceTitle "CBM 125 Extra"]
[Source "ChessBase"]
[SourceDate "2008.09.01"]
[SourceVersion "1"]
[SourceVersionDate "2008.09.01"]
[SourceQuality "1"]

1. d4 c6 2. Nf3 Na6 3. e4 Nc7 4. c4 d6 5. Nc3 g6 6. Be2 Bg7 7. Be3 Bg4 8. Qd2 Nf6 9. 0-0 0-0 10. h3 Bxf3 11. Bxf3 Nd7 12. Be2 e6 13. f4 f5 14. Rad1 a6 15. a3 d5 16. e5 b5 17. b3 Rf7 18. c5 a5 19. Na2 Ne8 20. Nc1 Nf8 21. Nd3 a4 22. b4 h6 23. Ne1 Nh7 24. Nf3 Bf8 25. g4 fxg4 26. hxg4 Ng7 27. Bd3 Ne8 28. Rf2 Kh8 29. Rdf1 Rg7 30. Rg2 Raa7 31. Qc2 Rg8 32. Bxg6 Rag7 33. f5 Nhf6 34. exf6 Qxf6 35. Ne5 1-0

[Event "Senta op-B 12th"]
[Site "Senta"]
[Date "2008.07.20"]
[Round "5"]
[White "Juhasz, Jeno"]
[Black "Haragos, Kalman"]
[Result "1/2-1/2"]
[WhiteElo "1931"]
[BlackElo "2074"]
[PlyCount "56"]
[EventDate "2008.07.18"]
[EventType "swiss"]
[EventRounds "9"]
[EventCountry "YUG"]
[SourceTitle "CBM 125 Extra"]
[Source "ChessBase"]
[SourceDate "2008.09.01"]
[SourceVersion "1"]
[SourceVersionDate "2008.09.01"]
[SourceQuality "1"]

1. Nf3 d5 2. d4 Nf6 3. c4 c6 4. e3 g6 5. Nc3 Bg7 6. Be2 0-0 7. 0-0 a6 8. Ne5 Be6 9. Qc2 Nbd7 10. cxd5 cxd5 11. Nf3 h6 12. Bd2 Rc8 13. Rac1 b5 14. a3 Nb6 15. b3 Bf5 16. Qb2 Qd7 17. Ne5 Qb7 18. Rfd1 Nbd7 19. Bd3 Nxe5 20. dxe5 Nd7 21. f4 e6 22. Ne2 Rxc1 23. Rxc1 Rc8 24. Bb4 Nb8 25. Nd4 Nc6 26. Qc3 Ne7 27. Qc2 Nc6 28. Qc3 Ne7 1/2-1/2

[Event "Senta op-B 12th"]
[Site "Senta"]
[Date "2008.07.19"]
[Round "2"]
[White "Haragos, Kalman"]
[Black "Agoston, Aron"]
[Result "1-0"]
[WhiteElo "2074"]
[BlackElo "1918"]
[PlyCount "135"]
[EventDate "2008.07.18"]
[EventType "swiss"]
[EventRounds "9"]
[EventCountry "YUG"]
[SourceTitle "CBM 125 Extra"]
[Source "ChessBase"]
[SourceDate "2008.09.01"]
[SourceVersion "1"]
[SourceVersionDate "2008.09.01"]
[SourceQuality "1"]

1. d4 Nf6 2. Nf3 g6 3. Bg5 Bg7 4. c3 d5 5. e3 Ne4 6. Bf4 Nd7 7. Nbd2 Ndf6 8. h3 0-0 9. Be2 c6 10. 0-0 Qb6 11. Qb3 Bf5 12. a4 Rfe8 13. a5 Qxb3 14. Nxb3 Nd7 15. g4 Be6 16. Ng5 Nxg5 17. Bxg5 f6 18. Bh4 Bf7 19. f4 e5 20. Bf3 Bh6 21. g5 fxg5 22. Bxg5 Bxg5 23. fxg5 Be6 24. Bg2 Bf5 25. Nd2 exd4 26. exd4 Re2 27. Rf2 Rae8 28. Nf3 a6 29. Rd1 R8e3 30. Rxe2 Rxe2 31. Rd2 Rxd2 32. Nxd2 Nf8 33. Kf2 Ne6 34. h4 Kf7 35. Ke3 Ke7 36. c4 dxc4 37. Nxc4 Nc7 38. Kf4 Be6 39. Nd2 Nb5 40. Ke5 Nd6 41. Bf3 Nf7+ 42. Kf4 Bd5 43. Bg4 Nd6 44. h5 Kf7 45. Be2 Nf5 46. hxg6+ hxg6 47. Ke5 Ke7 48. Bd3 Nh4 49. Be2 Nf5 50. Nf1 Ng7 51. Ne3 Bb3 52. Bf3 Be6 53. d5 cxd5 54. Nxd5+ Kf7 55. Nf4 Bc8 56. Be4 Nf5 57. Bxf5 Bxf5 58. Kd6 Be4 59. Ne6 Bf3 60. b4 Bg2 61. Nc5 Bf3 62. Kc7 Ke7 63. Nxb7 Ke6 64. Nc5+ Kf5 65. Nxa6 Kxg5 66. Nc5 Kf5 67. a6 g5 68. Nb7 1-0

[Event "HUN-chT2 Toth 0607"]
[Site "Hungary"]
[Date "2007.04.29"]
[Round "9"]
[White "Haragos, Kalman"]
[Black "Horvath, Jozsef"]
[Result "1/2-1/2"]
[WhiteElo "2098"]
[BlackElo "2210"]
[PlyCount "40"]
[EventDate "2006.11.12"]
[EventType "team-tourn"]
[EventRounds "11"]
[EventCountry "HUN"]
[SourceTitle "EXT 2025"]
[Source "ChessBase"]
[SourceDate "2024.10.14"]
[SourceVersion "1"]
[SourceVersionDate "2024.10.14"]
[SourceQuality "1"]
[WhiteTeam "Gy DSE"]
[BlackTeam "Kecskemet Takisz"]
[WhiteTeamCountry "HUN"]
[BlackTeamCountry "HUN"]

1. Nf3 c5 2. g3 b6 3. Bg2 Bb7 4. 0-0 Nf6 5. c4 g6 6. b3 Bg7 7. Bb2 0-0 8. Nc3 Na6 9. d4 cxd4 10. Nxd4 Bxg2 11. Kxg2 Nc7 12. Nf3 Qc8 13. Qd2 Qb7 14. Kg1 Rad8 15. Rfd1 b5 16. cxb5 Nxb5 17. Nxb5 Qxb5 18. Qd3 Qb7 19. Rac1 d6 20. Rc2 Rc8 1/2-1/2

[Event "HUN-chT2 Toth 0607"]
[Site "Hungary"]
[Date "2007.04.15"]
[Round "8"]
[White "Pasztorcsik, Janos"]
[Black "Haragos, Kalman"]
[Result "1-0"]
[WhiteElo "2104"]
[BlackElo "2098"]
[PlyCount "77"]
[EventDate "2006.11.12"]
[EventType "team-tourn"]
[EventRounds "11"]
[EventCountry "HUN"]
[SourceTitle "EXT 2025"]
[Source "ChessBase"]
[SourceDate "2024.10.14"]
[SourceVersion "1"]
[SourceVersionDate "2024.10.14"]
[SourceQuality "1"]
[WhiteTeam "Oroshaza MTK"]
[BlackTeam "Gy DSE"]
[WhiteTeamCountry "HUN"]
[BlackTeamCountry "HUN"]

1. c4 Nf6 2. Nc3 e6 3. d4 d5 4. cxd5 Nxd5 5. e4 Nxc3 6. bxc3 c5 7. Nf3 cxd4 8. cxd4 Bb4+ 9. Bd2 Qa5 10. Bxb4 Qxb4+ 11. Qd2 Qxd2+ 12. Kxd2 0-0 13. Bc4 Nc6 14. Ke3 b6 15. Rhc1 Bb7 16. Rc3 Na5 17. Be2 Rac8 18. Rac1 Rxc3+ 19. Rxc3 Rc8 20. Rxc8+ Bxc8 21. Nd2 Kf8 22. h4 Ke7 23. g4 f6 24. f4 h6 25. Nf3 Bb7 26. f5 Bc8 27. Kf4 a6 28. h5 b5 29. fxe6 Bxe6 30. d5 Bd7 31. Nd4 Nb7 32. e5 fxe5+ 33. Kxe5 Nd6 34. Nc6+ Bxc6 35. dxc6 Ne8 36. Kd5 Kd8 37. Ke6 Kc7 38. Kf7 Kd8 39. Kf8 1-0

[Event "HUN-chT2 Toth 0607"]
[Site "Hungary"]
[Date "2006.11.26"]
[Round "2"]
[White "Haragos, Kalman"]
[Black "Nagy, Geza"]
[Result "1/2-1/2"]
[WhiteElo "2098"]
[BlackElo "1821"]
[PlyCount "102"]
[EventDate "2006.11.12"]
[EventType "team-tourn"]
[EventRounds "11"]
[EventCountry "HUN"]
[SourceTitle "EXT 2025"]
[Source "ChessBase"]
[SourceDate "2024.10.14"]
[SourceVersion "1"]
[SourceVersionDate "2024.10.14"]
[SourceQuality "1"]
[WhiteTeam "Gy DSE"]
[BlackTeam "Szentes Spart"]
[WhiteTeamCountry "HUN"]
[BlackTeamCountry "HUN"]

1. Nf3 c5 2. g3 e6 3. c4 Nf6 4. Bg2 Nc6 5. 0-0 Be7 6. Nc3 0-0 7. d4 d5 8. cxd5 Nxd5 9. e4 Nxc3 10. bxc3 Qc7 11. Be3 Rd8 12. Qe2 Qa5 13. Qb2 b6 14. Rfd1 cxd4 15. cxd4 Ba3 16. Qb3 Bb7 17. Rab1 Qb4 18. Qd3 Qf8 19. Rb3 Be7 20. Qb1 Rac8 21. Rbd3 Ba6 22. R3d2 Bb4 23. Rc2 Na5 24. Rxc8 Rxc8 25. Ne5 Nc4 26. Nxc4 Bxc4 27. Bf1 Bc3 28. d5 Bxf1 29. Kxf1 exd5 30. exd5 Be5 31. Qf5 Bd6 32. Bf4 Rd8 33. Bg5 Be7 34. Be3 Bd6 35. h4 Qe8 36. Bg5 f6 37. Bc1 Qe5 38. Qxe5 Bxe5 39. Be3 Kf7 40. Ke2 Bd6 41. h5 Rc8 42. Rc1 Rxc1 43. Bxc1 Ke7 44. Kd3 Bc5 45. f3 g6 46. hxg6 hxg6 47. g4 f5 48. gxf5 gxf5 49. Bf4 b5 50. Be5 a6 51. Bf4 Kd7 1/2-1/2

[Event "HUN-chT2 Toth 0506"]
[Site "Hungary"]
[Date "2006.04.09"]
[Round "10"]
[White "Haragos, Kalman"]
[Black "Berta, Gergely"]
[Result "1/2-1/2"]
[WhiteElo "2112"]
[BlackElo "2060"]
[PlyCount "46"]
[EventDate "2005.10.16"]
[EventType "team-tourn"]
[EventRounds "11"]
[EventCountry "HUN"]
[SourceTitle "EXT 2009"]
[Source "ChessBase"]
[SourceDate "2008.11.26"]
[SourceVersion "1"]
[SourceVersionDate "2008.11.26"]
[SourceQuality "1"]
[WhiteTeam "GyD"]
[BlackTeam "Oroshaza"]
[WhiteTeamCountry "HUN"]
[BlackTeamCountry "HUN"]

1. Nf3 d5 2. d4 Nf6 3. c4 e6 4. Nc3 c6 5. e3 Nbd7 6. Qc2 Be7 7. Bd3 0-0 8. 0-0 b6 9. e4 dxe4 10. Nxe4 c5 11. dxc5 Bxc5 12. Bg5 h6 13. Bh4 Bb7 14. Rad1 Qe7 15. Nxf6+ Nxf6 16. Qe2 Rfe8 17. Ne5 Rad8 18. Bc2 Rd4 19. Rxd4 Bxd4 20. b3 Rd8 21. Ng4 Ba8 22. Nxf6+ Bxf6 23. Bg3 Bd4 1/2-1/2

[Event "HUN-chT2 Toth 0405"]
[Site "Hungary"]
[Date "2005.04.24"]
[Round "11"]
[White "Haragos, Kalman"]
[Black "Katona, Jozsef"]
[Result "1/2-1/2"]
[WhiteElo "2126"]
[BlackElo "2065"]
[PlyCount "45"]
[EventDate "2004.09.26"]
[EventType "team-tourn"]
[EventRounds "11"]
[EventCountry "HUN"]
[SourceTitle "EXT 2009"]
[Source "ChessBase"]
[SourceDate "2008.11.26"]
[SourceVersion "1"]
[SourceVersionDate "2008.11.26"]
[SourceQuality "1"]
[WhiteTeam "GYDSE"]
[BlackTeam "Oroshaza"]
[WhiteTeamCountry "HUN"]
[BlackTeamCountry "HUN"]

1. Nf3 Nf6 2. d4 g6 3. Bg5 Bg7 4. Nbd2 d6 5. e4 0-0 6. c3 h6 7. Bh4 Nbd7 8. Bd3 e5 9. dxe5 dxe5 10. Qc2 Qe7 11. 0-0 c6 12. a4 a5 13. Rfe1 g5 14. Bg3 Nh5 15. Nf1 Nf4 16. Bc4 Nc5 17. Ne3 b5 18. axb5 cxb5 19. Bd5 Ra7 20. Red1 Qc7 21. h3 Kh8 22. Rd2 a4 23. Rdd1 1/2-1/2